000 01088nam a22002657a 4500
001 6944
003 FISKH
005 20250611114234.0
008 250611b cb ||||| |||| 00| 0 eng d
020 _a9780439944052
040 _aFISKH
_beng
_cFISKH
_dFISKH
050 _aPS430 DEA
082 _a940
100 _aDeary, Terry
245 _aTerrible tudors /
_cBy Terry Deary & Neil Tonge , Illustrated By Martin Brown
260 _aNew York :
_bScholastic ,
_c1993. 1999.
300 _a139 pages :
_billustrations ;
_c20 cm .
490 _aHorrible Histories
520 _aYou probably thought that the terrible Tudors just spent all their time beheading people. This book helps you find out: the horrible truth about Henry VIII who thought he'd married a horse; which terrible torture methods the twisted Tudors used; and which shocking swear words they simply loved to say. It also includes a grisly quiz.
650 _aTudors
_vNon-fiction
650 _aEuropean History
_vNon-fiction
700 _aBrown, Martin
_eIllustrator
942 _2ddc
_cBK
_n0
999 _c6944
_d6944